Tévéműsor készül Odessza-Szeged kapcsolatairól
Elmentve itt :
| Dokumentumtípus: | Cikk |
|---|---|
| Megjelent: |
1971-10-31
|
| Sorozat: | Délmagyarország
61 No. 257 |
| Kulcsszavak: | Odessza, televízió |
| Online Access: | http://dmarchiv.bibl.u-szeged.hu/111928 |
| LEADER | 00429nab a2200145 i 4500 | ||
|---|---|---|---|
| 001 | delm111928 | ||
| 005 | 20190325125501.0 | ||
| 008 | 190325s1971 hu o 0|| hun d | ||
| 040 | |a SZTE Délmagyarország Archívum |b hun | ||
| 041 | |a hun | ||
| 245 | 0 | 0 | |a Tévéműsor készül Odessza-Szeged kapcsolatairól |h [elektronikus dokumentum] |
| 260 | |c 1971-10-31 | ||
| 300 | |a 5 | ||
| 490 | 0 | |a Délmagyarország |v 61 No. 257 | |
| 695 | |a Odessza, televízió | ||